=LDR 00000nam 2200000 4500 =001 NUTBA000000000004247 =005 20140908164400.0 =006 =007 =008 =035 ##$$a 0010-091400000000280 =082 ##$$a 372.4 =090 ##$$a 372.4 $b WEN A =100 ##$$a WENI RAHAYU $t AYO MENGENAL HURUF S-Z =245 ##$$a AYO MENGENAL HURUF S-Z =260 ##$$a Jakarta $b pt. temprina media grafika $c 2012 =300 ##$$a 11 hlm $b illus $c 18 cm. =850 ##$$a NBPBMAT =990 ##$$a 0001/BPAP-NTB/20142014 =990 ##$$a 69016901 =990 ##$$a 21404249 =990 ##$$a 0001/BPAP-NTB/20142014